Chimie de A à Z - Lettre B - Statistiques

Statistiques générales
  • Ce quiz a été pris 187 fois
  • Le résultat moyen est 9 sur 20
Statistiques - réponses
Hint Réponse % Correct
Verrerie la plus utilisée en laboratoire. Signifie "gobelet" en Allemand. Bécher
87%
Qualifie une solution aqueuse de pH supérieure à 7 (rigoureusement à 298 K et pression standard). Basique
84%
Premier élément du bloc p du tableau périodique. Bore
71%
Verrerie sphérique utilisée pour conduire des réactions chimiques. Ballon
66%
Verrerie indispensable à la conduite d'un dosage par titrage. Burette
66%
Nettoyant ménager et nom courant de l'ion hydrogénocarbonate. Bicarbonate
64%
Halogène dont le nom est tiré du grec ancien signifiant "puanteur". Brome
64%
Chimiste danois qui a donné son nom à un type d'acide et de base. Brønsted
64%
Cycle aromatique à 6 atomes de carbone. Benzène
60%
Nom de la loi liant l'absorbance et la concentration en espèce absorbante. Beer-Lambert
51%
Adjectif associé à la verrerie précédente contenant deux rodages. Bicol
36%
Son bec peut cracher du feu. Bunsen
36%
Equipement de laboratoire utilisé pour la filtration sous vide. Büchner
34%
Approximation de chimie quantique supposant l'immobilité des noyaux devant le mouvement des électrons. La personne recherchée est également le grand-père d'Olivia Newton-John. {Born}-Oppenheimer
25%
Nom donné à l'orbitale frontalière vide. Basse vacante
18%
Nom de la loi reliant l'angle de déviation d'une lumière polarisée au pouvoir rotatoire spécifique d'un soluté. Biot
13%
Déplacement des longueurs d'onde d'absorption vers les grandes longueurs d'onde. Effet {batochrome}
10%
Procédé permettant la production industrielle d'aluminium à partir du minerai bauxite. Bayer
6%
Nom de l'équation reliant l'intensité et le potentiel pour un couple d'oxydo-réduction. {Butler}-Volmer
6%
Principal minerai pour la production de zinc. Blende
4%
Aucun quiz correspondant
Distribution des résultats
% des personnes avec chaque résultat
Percentile par nombre de réponses
Votre historique - résultats
Vous n’avez pas pris ce quiz